Livres reçus (notice n° 2234422)

détails MARC
000 -LEADER
fixed length control field 03186cam a2200313 4500500
005 - DATE AND TIME OF LATEST TRANSACTION
control field 20260517001407.0
041 ## - LANGUAGE CODE
Language code of text/sound track or separate title fre
042 ## - AUTHENTICATION CODE
Authentication code dc
100 10 - MAIN ENTRY--PERSONAL NAME
Personal name Bréchat, Pierre-Henri
Relator term author
245 00 - TITLE STATEMENT
Title Livres reçus
260 ## - PUBLICATION, DISTRIBUTION, ETC.
Date of publication, distribution, etc. 2008.<br/>
500 ## - GENERAL NOTE
General note 70
520 ## - SUMMARY, ETC.
Summary, etc. RésuméLe schéma régional d’organisation sanitaire de troisième génération (SROS III) propose de faire évoluer l’organisation sanitaire en fonction des besoins de santé de populations prises en charge et des évolutions d’activités. Lors de l’analyse stratégique d’un SROS III « périnatalité », les promoteurs peuvent-ils passer d’une approche en termes d’accessibilité (équité égalitariste) à une approche par les besoins (équité différentielle), plus compliquée à mettre en œuvre, mais plus adaptée aux usagers dans un territoire de santé ? La recherche s’est appuyée sur l’analyse de documents de novembre 2004 à novembre 2006. Un centre hospitalier universitaire implanté dans un quartier défavorisé a élaboré des données qui ont permis de proposer le passage d’une maternité de niveau I à II. Cette proposition est retenue dans le projet médical de territoire, puis est autorisée par l’ARH. Professionnels de santé et promoteurs de la planification sanitaire peuvent mettre en œuvre une équité différentielle.
520 ## - SUMMARY, ETC.
Summary, etc. The third generation of the regional healthcare organization plan (Sros III) proposes to develop the organisation of healthcare and its management according to evolution of its activities and the populations concerned. At the time of a strategic analysis of SROS III (what we refer to as its perinatal period), the question is whether promoters can move from an approach based on accessibility (egalitarian equity) to a needs-based approach (differential equity), which although more complicated in to apply and implement, was found be much better adapted to healthcare users. The research is derived from an analysis of documents from November 2004 to November 2006. A university public hospital developed the data which supported a proposal to shift from level I to level II. This proposition was retained in the territory’s medical plan authorized by the regional health authorities. Health professionals and the architects of the healthcare plan have the capacity to new organizations responsible for taking into account the activities and healthcare needs of the population in order to initiate and establish differential equity.
700 10 - ADDED ENTRY--PERSONAL NAME
Personal name Castiel, Didier
Relator term author
700 10 - ADDED ENTRY--PERSONAL NAME
Personal name Carmona, Damien
Relator term author
700 10 - ADDED ENTRY--PERSONAL NAME
Personal name Brunner, Claudine
Relator term author
700 10 - ADDED ENTRY--PERSONAL NAME
Personal name Segouin, Christophe
Relator term author
700 10 - ADDED ENTRY--PERSONAL NAME
Personal name Khalfaoui, Samir
Relator term author
700 10 - ADDED ENTRY--PERSONAL NAME
Personal name Delalay, Catherine
Relator term author
700 10 - ADDED ENTRY--PERSONAL NAME
Personal name Barbier, Valérie
Relator term author
700 10 - ADDED ENTRY--PERSONAL NAME
Personal name Muller, Florence
Relator term author
700 10 - ADDED ENTRY--PERSONAL NAME
Personal name Grall, Jean-Yves
Relator term author
700 10 - ADDED ENTRY--PERSONAL NAME
Personal name Truc, Jean-Bernard
Relator term author
700 10 - ADDED ENTRY--PERSONAL NAME
Personal name Rymer, Roland
Relator term author
700 10 - ADDED ENTRY--PERSONAL NAME
Personal name Bertrand, Dominique
Relator term author
786 0# - DATA SOURCE ENTRY
Note Santé Publique | 20 | 1 | 2008-03-07 | p. 97-97 | 0995-3914
856 41 - ELECTRONIC LOCATION AND ACCESS
Uniform Resource Identifier <a href="https://stm.cairn.info/revue-sante-publique-2008-1-page-97?lang=fr&redirect-ssocas=7080">https://stm.cairn.info/revue-sante-publique-2008-1-page-97?lang=fr&redirect-ssocas=7080</a>

Pas d'exemplaire disponible.

PLUDOC

PLUDOC est la plateforme unique et centralisée de gestion des bibliothèques physiques et numériques de Guinée administré par le CEDUST. Elle est la plus grande base de données de ressources documentaires pour les Étudiants, Enseignants chercheurs et Chercheurs de Guinée.

Adresse

627 919 101/664 919 101

25 boulevard du commerce
Kaloum, Conakry, Guinée

Réseaux sociaux

Powered by Netsen Group @ 2025